Municípios do Estado do Amazonas - Statistics

Estatísticas Gerais
  • Esse quiz foi jogado 113 vezes
  • A pontuação média é 30 de 62
Estatísticas das Respostas
Município % Correto
Manaus
98%
Manacapuru
85%
São Gabriel da Cachoeira
85%
Parintins
83%
Itacoatiara
76%
Presidente Figueiredo
76%
Tefé
76%
Maués
71%
Iranduba
68%
Careiro
66%
Coari
66%
Tabatinga
66%
Barcelos
63%
Boca do Acre
63%
Humaitá
63%
Lábrea
61%
Rio Preto da Eva
61%
Benjamin Constant
59%
Careiro da Várzea
56%
Manicoré
56%
Borba
54%
Atalaia do Norte
51%
Novo Airão
51%
Apuí
49%
Codajás
46%
Juruá
46%
Nhamundá
46%
São Paulo de Olivença
46%
Anamã
44%
Anori
44%
Autazes
44%
Ipixuna
44%
Nova Olinda do Norte
44%
Tapauá
44%
Urucurituba
44%
Japurá
41%
Maraã
41%
Pauini
41%
Santa Isabel do Rio Negro
41%
Manaquiri
39%
Novo Aripuanã
39%
Santo Antônio do Iça
39%
Silves
39%
Canutama
37%
Eirunepé
37%
Guajará
37%
Alvarães
34%
Barreirinha
34%
Beruri
34%
Boa Vista do Ramos
34%
Fonte Boa
34%
Tonantins
34%
Uarini
34%
Amaturá
32%
Caapiranga
32%
Carauari
32%
Envira
32%
Jutaí
32%
Itapiranga
29%
São Sebastião do Uatumã
29%
Itamarati
27%
Urucará
27%
Nenhum quiz correspondente encontrado
Distribuição das Pontuações
Porcentagem de Pessoas com Cada Pontuação
Percentil de Números Respondidos
Sua Pontuação Histórica
Você não jogou esse quiz